=LDR 00000nam 2200000 4500 =001 INLIS000000000009145 =005 20130612100950 =008 ***********************************Ind** =035 ##$$0010-061300000009145 =041 ##$$a Ind =082 ##$$a 005.369 =090 ##$$a 005.369, Sut-b =100 ##$$a Sutejo, Wira =245 ##$$a Berkreasi dengan the new print shop, Wira Sutedja =260 ##$$a 1993 $b Jakarta =300 ##$$a x, 117 hlm., ilus., 21 cm =650 ##$$a Komputer-Program the new print shop =850 ##$$a NBPNMAT